Central Library OPAC University of Rajshahi

اسلام دور حاضر ميں : منتخب مضمىن / Islām daure-e- ḥāz̤ir men̲ : muntak̲h̲ab maz̤amīn / (Record no. 84212)

MARC details
000 -LEADER
fixed length control field 01172cam a2200265 a 4500
001 - CONTROL NUMBER
control field 84212
003 - CONTROL NUMBER IDENTIFIER
rucl marc code BD-RjUL
005 - DATE AND TIME OF LATEST TRANSACTION
control field 20241103115343.0
008 - FIXED-LENGTH DATA ELEMENTS--GENERAL INFORMATION
fixed length control field 841221s1984 ii d b 100 0 ara
035 ## - SYSTEM CONTROL NUMBER
System control number (BD-RjUL)84212
040 ## - CATALOGING SOURCE
Original cataloging agency DLC
Transcribing agency DLC
Modifying agency DLC
Language of cataloging eng
041 0# - LANGUAGE CODE
Language code of text/sound track or separate title engurd
082 00 - DEWEY DECIMAL CLASSIFICATION NUMBER
Classification number 909.097671
Edition number 23
Author mark and year ISL 1984
111 2# - MAIN ENTRY--MEETING NAME
Meeting name or jurisdiction name as entry element National Hijra Conference on History and Culture
Date of meeting (1980 :
Location of meeting Islāmābād, Pakistan)
9 (RLIN) 14046
245 10 - TITLE STATEMENT
Title اسلام دور حاضر ميں : منتخب مضمىن / Islām daure-e- ḥāz̤ir men̲ : muntak̲h̲ab maz̤amīn /
Statement of responsibility, etc. ولفرڈ کنٹويل اسمته ؛ ترتىب، مشىر الحق., Wilfred Cantwell Smith / Vilfriḍ Kanṭvīl Ismith ; tartīb, Mushīrul Ḥaq
260 ## - PUBLICATION, DISTRIBUTION, ETC. (IMPRINT)
Place of publication, distribution, etc. Naʼī Dehlī :
Name of publisher, distributor, etc. مکتبه جامعه لمٹيڈ،, Maktabah Jāmiʻah Limiṭiḍ,
Date of publication, distribution, etc. 1984.
300 ## - PHYSICAL DESCRIPTION
Pagination x,208 p. :
Illustrations charts ;
Size 21 cm.
500 ## - GENERAL NOTE
General note English and Urdu.
General note Title on added t.p.: ʻĀlam-i Islām daur-i ḥāz̤ir men̲.
504 ## - BIBLIOGRAPHY, ETC. NOTE
Bibliography, etc Bibliographies.
650 #0 - SUBJECT ADDED ENTRY--TOPICAL TERM
Topical term or geographic name as entry element Islamic civilization
Chronological subdivision Since 1800
9 (RLIN) 14047
651 #0 - SUBJECT ADDED ENTRY--GEOGRAPHIC NAME
Geographic name Islam
General subdivision .
Chronological subdivision 20th century
9 (RLIN) 14048
700 ## - ADDED ENTRY--PERSONAL NAME
Personal name Mushīrul Ḥaq
942 ## - ADDED ENTRY ELEMENTS (KOHA)
Source of classification or shelving scheme Dewey Decimal Classification
Koha item type Books
Holdings
Lost status Source of classification or shelving scheme Damaged status Not for loan Collection code Permanent Location Current Location Shelving location Date acquired Source of acquisition Cost, normal purchase price Full call number Date last seen Copy number Koha item type
  Dewey Decimal Classification   Not For Loan Non-fiction Central Library, University of Rajshahi Central Library, University of Rajshahi Reading Room 25/05/1996 Uttarbango Library , Rajshahi 50.00 U 909.097671 ISL 1984 03/11/2024 C-1 Books